LEADER 01214nam--2200409---450- 001 990001933850203316 005 20041203182226.0 035 $a000193385 035 $aUSA01000193385 035 $a(ALEPH)000193385USA01 035 $a000193385 100 $a20040816d1985----km-y0itay0103----ba 101 0 $aita 102 $aIT 105 $a||||||||001yy 200 1 $a<> Sannio e i sanniti$fEdward Togo Salmon$gtrad. di B. McLeod e A. Venturi 210 $aTorino$cEinaudi$d1985 215 $aXV, 462 p.$cill.$d21 cm 225 2 $aSaggi$v678 410 0$12001$aSaggi$v678 454 1$12001$aSamnium and the Samnites$943517 461 1$1001-------$12001 606 0 $aSanniti 676 $a913.77 700 1$aSALMON,$bEdward Togo$0164380 702 1$aMcLEOD,$bB. 702 1$aVENTURI,$bA. 801 0$aIT$bsalbc$gISBD 912 $a990001933850203316 951 $aIX.5. 1(Varie Coll. 2/678)$b11821 L.M.$cVarie Coll. 951 $aIX.5. 1a(Varie Coll. 2/678 bis)$b16092 L.M.$cVarie Coll. 959 $aBK 969 $aUMA 979 $aSIAV2$b10$c20040816$lUSA01$h1513 979 $aCOPAT1$b90$c20041203$lUSA01$h1822 996 $aSamnium and the Samnites$943517 997 $aUNISA LEADER 01297nam2-2200409li-450- 001 990000153680203316 005 20091030144822.0 010 $a0-19-853528-7 035 $a0015368 035 $aUSA010015368 035 $a(ALEPH)000015368USA01 035 $a0015368 100 $a19901120d1980----km-y0itay50------ba20001109d19------km-y0itay0103----ba 101 0 $aeng 102 $aGB 105 $a||||||||001yy 200 1 $aGeometric quantization$fNicholas Woodhouse 210 $aOxford$cClarendon press$dcopyr. 1980 215 $aXI, 316 p.$d24 cm 225 2 $aOxford mathamatical monographs$v4 410 1$1001000334216$12001$aOxford mathamatical monographs$v4 606 0 $aMeccanica statistica 676 $a530.133 700 1$aWOODHOUSE,$bNicholas$0475305 801 0$aSistema bibliotecario di Ateneo dell' Universitą di Salerno$bsalbc$gRICA 912 $a990000153680203316 951 $a510 OMM (4)$b6644/CBS$c510$d00111531 959 $aBK 969 $aSCI 979 $c19901120 979 $c20001110$lUSA01$h1712 979 $aALANDI$b90$c20020329$lUSA01$h1122 979 $c20020403$lUSA01$h1623 979 $aPATRY$b90$c20040406$lUSA01$h1611 979 $aRSIAV7$b90$c20091030$lUSA01$h1448 996 $aGeometric quantization$9881408 997 $aUNISA LEADER 01182nam 2200385 450 001 9910511766103321 005 20190524174425.0 010 $a92-4-069917-1 035 $a(CKB)4100000000588790 035 $a(MiAaPQ)EBC5916246 035 $a(EXLCZ)994100000000588790 100 $a20191031d2016 uy 0 101 0 $aeng 135 $aurcnu|||||||| 181 $ctxt$2rdacontent 182 $cc$2rdamedia 183 $acr$2rdacarrier 200 10$aVoluntary health insurance in Europe $erole and regulation /$fwritten by Anna Sagan and Sarah Thomson 210 1$aCopenhagen, Denmark :$cWorld Health Organization :$cEuropean Observatory on Health Systems and Policies,$d[2016] 210 4$d©2016 215 $a1 online resource (xvi, 122 pages) 311 $a92-890-5038-1 606 $aHealth insurance$zEurope 608 $aElectronic books. 615 0$aHealth insurance 676 $a368.38 700 $aSagan$b Anna$01067230 702 $aThomson$b Sarah 801 0$bMiAaPQ 801 1$bMiAaPQ 801 2$bMiAaPQ 906 $aBOOK 912 $a9910511766103321 996 $aVoluntary health insurance in Europe$92550735 997 $aUNINA